[Event "Mittelfranken-chTB2a 1920"]
[Site "Mittelfranken"]
[Date "2020.02.16"]
[Round "6.4"]
[White "Truempelmann, Jochen"]
[Black "Kirbach, Thomas"]
[Result "1/2-1/2"]
[WhiteElo "1886"]
[BlackElo "1840"]
[PlyCount "29"]
[EventDate "2019.10.13"]
[EventType "team-tourn"]
[EventRounds "9"]
[EventCountry "GER"]
[SourceTitle "EXT 2023"]
[Source "ChessBase"]
[SourceDate "2022.10.05"]
[SourceVersion "1"]
[SourceVersionDate "2022.10.05"]
[SourceQuality "1"]
[WhiteTeam "Cadolzburg"]
[BlackTeam "Fuerth SF"]
[WhiteTeamCountry "GER"]
[BlackTeamCountry "GER"]

1. e4 c5 2. d4 cxd4 3. c3 dxc3 4. Nxc3 Nc6 5. Bc4 Nf6 6. Nf3 e6 7. 0-0 a6 8. Qe2 Be7 9. Rd1 Qc7 10. Bg5 b5 11. Bb3 d6 12. Rac1 Qb7 13. h3 Ne5 14. Nxe5 dxe5 15. f3 1/2-1/2

[Event "Mittelfranken-chTB2a 1617"]
[Site "Mittelfranken"]
[Date "2017.01.22"]
[Round "5.6"]
[White "Truempelmann, Jochen"]
[Black "Schwarz, Werner"]
[Result "1-0"]
[WhiteElo "1856"]
[BlackElo "1635"]
[PlyCount "49"]
[EventDate "2016.10.23"]
[EventType "team-tourn"]
[EventRounds "9"]
[EventCountry "GER"]
[SourceTitle "EXT 2022"]
[Source "ChessBase"]
[SourceDate "2021.10.06"]
[SourceVersion "1"]
[SourceVersionDate "2021.10.06"]
[SourceQuality "1"]
[WhiteTeam "Cadolzburg"]
[BlackTeam "Fuerth SG"]
[WhiteTeamCountry "GER"]
[BlackTeamCountry "GER"]

1. e4 c6 2. d4 d5 3. exd5 cxd5 4. c4 Nf6 5. Nc3 Nc6 6. Nf3 Bg4 7. cxd5 Nxd5 8. Qb3 Bxf3 9. gxf3 Nb6 10. d5 Nd4 11. Qd1 e5 12. dxe6 fxe6 13. Be3 Nc6 14. Qb3 Qf6 15. 0-0-0 Be7 16. Ne4 Qe5 17. Bh3 Rc8 18. Kb1 Kf7 19. Rhg1 Na5 20. Ng5+ Bxg5 21. Rxg5 Nxb3 22. Rxe5 Nc4 23. Bxe6+ Kf6 24. Bxc4 Nd2+ 25. Rxd2 1-0

[Event "Mittelfranken-chTB2a 1617"]
[Site "Mittelfranken"]
[Date "2016.11.27"]
[Round "3.6"]
[White "Truempelmann, Jochen"]
[Black "Martin, Hans"]
[Result "1-0"]
[WhiteElo "1856"]
[BlackElo "1767"]
[PlyCount "157"]
[EventDate "2016.10.23"]
[EventType "team-tourn"]
[EventRounds "9"]
[EventCountry "GER"]
[SourceTitle "EXT 2022"]
[Source "ChessBase"]
[SourceDate "2021.10.06"]
[SourceVersion "1"]
[SourceVersionDate "2021.10.06"]
[SourceQuality "1"]
[WhiteTeam "Cadolzburg"]
[BlackTeam "Buechenbach/Roth II"]
[WhiteTeamCountry "GER"]
[BlackTeamCountry "GER"]

1. e4 c6 2. d4 d5 3. exd5 cxd5 4. c4 Nf6 5. Nc3 h6 6. Nf3 Bf5 7. Qb3 e6 8. Qxb7 Nbd7 9. c5 Be7 10. c6 Nb6 11. c7 Qc8 12. Bb5+ Nfd7 13. Ba6 0-0 14. Qxc8 Nxc8 15. Bb7 Ncb6 16. Bxa8 Nxa8 17. 0-0 Nxc7 18. Bf4 Ne8 19. a3 a5 20. Rfe1 Bd6 21. Bd2 Nb6 22. Nb5 Nc4 23. Bc3 a4 24. Nxd6 Nexd6 25. Ne5 Rc8 26. Nxc4 Rxc4 27. Rac1 Nb5 28. Red1 h5 29. f3 Bg6 30. Kf2 Kf8 31. Ke3 Ke8 32. Bb4 Kd7 33. Bf8 Nd6 34. Bxd6 Kxd6 35. Rxc4 dxc4 36. Kd2 Kd5 37. Kc3 f6 38. Rd2 Be8 39. Re2 Bg6 40. h3 Bd3 41. Re1 Bg6 42. g4 h4 43. Re3 Bb1 44. Re1 Bd3 45. Re3 Bb1 46. Re2 Bg6 47. Rg2 Bd3 48. g5 Bf5 49. gxf6 gxf6 50. Rg8 Bxh3 51. Rd8+ Kc6 52. Rh8 Bg2 53. Rxh4 Bxf3 54. Rf4 Bd1 55. Rxf6 Kd5 56. Rf1 Bb3 57. Re1 Kd6 58. Re5 Ba2 59. Kb4 Bb3 60. Kb5 Kd7 61. Kc5 Ba2 62. Rh5 Ke7 63. Rh7+ Kf6 64. Kd6 Kg6 65. Re7 c3 66. bxc3 Kf5 67. Ra7 Bb3 68. Ra5+ Ke4 69. Kc5 Kd3 70. Kb4 Bc2 71. Rh5 Bb3 72. Rh3+ Ke4 73. Kc5 Ba2 74. c4 Bb3 75. d5 exd5 76. cxd5 Ke5 77. Re3+ Kf6 78. Kc6 Kf5 79. d6 1-0

[Event "Mittelfranken-chTB2a 1516"]
[Site "Mittelfranken"]
[Date "2016.01.24"]
[Round "5.6"]
[White "Truempelmann, Jochen"]
[Black "Herbst, Thomas"]
[Result "1-0"]
[WhiteElo "1873"]
[BlackElo "1823"]
[PlyCount "91"]
[EventDate "2015.10.18"]
[EventType "team-tourn"]
[EventRounds "9"]
[EventCountry "GER"]
[SourceTitle "EXT 2020"]
[Source "ChessBase"]
[SourceDate "2019.10.17"]
[SourceVersion "1"]
[SourceVersionDate "2019.10.17"]
[SourceQuality "1"]
[WhiteTeam "Cadolzburg"]
[BlackTeam "Nuernberg SK 1911"]
[WhiteTeamCountry "GER"]
[BlackTeamCountry "GER"]

1. e4 e5 2. Nf3 Nf6 3. d4 Nxe4 4. Nxe5 d6 5. Nf3 d5 6. Bd3 Nc6 7. c3 Be7 8. Qc2 Nf6 9. Bg5 h6 10. Bh4 Be6 11. Nbd2 0-0 12. 0-0-0 Rb8 13. h3 b5 14. Ne5 Rb6 15. Nxc6 Rxc6 16. Bxb5 Rb6 17. Ba4 Qd6 18. Bg3 Qd8 19. f3 c5 20. dxc5 Bxc5 21. Nb3 Be7 22. Bf2 Rb8 23. Nd4 Qc7 24. Rhe1 Rb6 25. Nb5 Rxb5 26. Bxb5 Rb8 27. Ba4 Bf8 28. Bd4 Nd7 29. Bxd7 Qxd7 30. Qf2 Qa4 31. b3 Qa3+ 32. Qb2 Qa6 33. Qc2 Qc8 34. g4 a5 35. f4 f5 36. Qe2 Bd7 37. Rd2 fxg4 38. hxg4 Bxg4 39. Qe5 Ba3+ 40. Kb1 Qb7 41. f5 Rf8 42. Qe6+ Kh8 43. Qxh6+ Kg8 44. Qe6+ Rf7 45. Rf2 Bf8 46. Rf4 1-0

[Event "Mittelfranken-chTB2a 1415"]
[Site "Mittelfranken"]
[Date "2015.02.08"]
[Round "6.5"]
[White "Alsheimer, Lea"]
[Black "Truempelmann, Jochen"]
[Result "1/2-1/2"]
[WhiteElo "1642"]
[BlackElo "1873"]
[PlyCount "134"]
[EventDate "2014.09.28"]
[EventType "team-tourn"]
[EventRounds "9"]
[EventCountry "GER"]
[SourceTitle "EXT 2020"]
[Source "ChessBase"]
[SourceDate "2019.10.17"]
[SourceVersion "1"]
[SourceVersionDate "2019.10.17"]
[SourceQuality "1"]
[WhiteTeam "Bechhofen II"]
[BlackTeam "Cadolzburg"]
[WhiteTeamCountry "GER"]
[BlackTeamCountry "GER"]

1. e4 e5 2. Nf3 Nc6 3. Bc4 Nf6 4. Ng5 d5 5. exd5 Na5 6. Bb5+ c6 7. dxc6 bxc6 8. Qf3 Bb7 9. Ba4 Be7 10. Qc3 0-0 11. h4 h6 12. Nf3 Nd5 13. Qxe5 Bf6 14. Qg3 Re8+ 15. Kf1 Nb6 16. Bb3 Nxb3 17. axb3 Qe7 18. Na3 c5 19. d3 Kh7 20. Rb1 Nd5 21. Bd2 Qe2+ 22. Kg1 Be5 23. Nxe5 Qxe5 24. Qxe5 Rxe5 25. Nc4 Re6 26. Rh3 Rae8 27. Kf1 Rg6 28. h5 Ra6 29. Na3 Bc8 30. Rh4 f5 31. Nb5 Re7 32. Rc4 Rc6 33. b4 Nf6 34. Rxc5 Rxc5 35. bxc5 Nxh5 36. c6 a6 37. Bb4 Rf7 38. Nd6 Rc7 39. Nxc8 Rxc8 40. Re1 Rxc6 41. Bc3 g5 42. Re5 Kg6 43. Ke2 g4 44. g3 f4 45. Re4 Kf5 46. gxf4 Nxf4+ 47. Kf1 h5 48. Re5+ Kg6 49. Bd2 Rf6 50. Bxf4 Rxf4 51. Kg2 Rf6 52. d4 h4 53. d5 h3+ 54. Kg3 Rf3+ 55. Kxg4 h2 56. Rg5+ Kf6 57. Rh5 Rxf2 58. d6 Rxc2 59. b3 Ke6 60. Rh6+ Kd7 61. Kg3 a5 62. Kf4 Re2 63. Kf3 Rb2 64. Ke4 Rxb3 65. Rxh2 Kxd6 66. Ra2 Rb4+ 67. Kd3 a4 1/2-1/2

[Event "Mittelfranken-chTB2a 1314"]
[Site "Mittelfranken"]
[Date "2014.03.30"]
[Round "8.5"]
[White "Hinzmann, Alexander"]
[Black "Truempelmann, Jochen"]
[Result "1/2-1/2"]
[WhiteElo "1764"]
[BlackElo "1873"]
[PlyCount "96"]
[EventDate "2013.10.20"]
[EventType "team-tourn"]
[EventRounds "9"]
[EventCountry "GER"]
[SourceTitle "EXT 2020"]
[Source "ChessBase"]
[SourceDate "2019.10.17"]
[SourceVersion "1"]
[SourceVersionDate "2019.10.17"]
[SourceQuality "1"]
[WhiteTeam "Fuerth SF II"]
[BlackTeam "Cadolzburg"]
[WhiteTeamCountry "GER"]
[BlackTeamCountry "GER"]

1. e4 e5 2. Nf3 Nc6 3. d4 exd4 4. Nxd4 Qf6 5. Be3 Bc5 6. c3 Nge7 7. Be2 d5 8. Bf3 Ne5 9. exd5 Nxf3+ 10. Nxf3 Bxe3 11. fxe3 Qb6 12. Qd2 0-0 13. 0-0 Nf5 14. Nd4 Nd6 15. b3 Bd7 16. c4 Ne4 17. Qd3 Qg6 18. Rf4 f5 19. Nc3 Nxc3 20. Qxc3 Rae8 21. Raf1 c6 22. dxc6 bxc6 23. c5 Qf6 24. Qd3 Qe5 25. Nxf5 Bxf5 26. Rxf5 Rxf5 27. Qxf5 Qxe3+ 28. Kh1 Qe7 29. h3 h6 30. b4 Qc7 31. Qf4 Qe7 32. a4 Rd8 33. Qc4+ Kh8 34. Rf7 Qe1+ 35. Kh2 a5 36. b5 cxb5 37. axb5 Qe5+ 38. Kg1 Qe3+ 39. Kh1 Rd1+ 40. Rf1 Rxf1+ 41. Qxf1 Qxc5 42. Qe2 Qb4 43. Qe8+ Kh7 44. Qc6 Qe1+ 45. Kh2 Qe5+ 46. g3 Qe2+ 47. Kg1 Qe1+ 48. Kh2 Qe2+ 1/2-1/2

[Event "Mittelfranken-chTB2a 1213"]
[Site "Germany"]
[Date "2013.02.11"]
[Round "7.5"]
[White "Lunz, Dieter"]
[Black "Truempelmann, Jochen"]
[Result "1/2-1/2"]
[WhiteElo "1969"]
[BlackElo "1911"]
[PlyCount "42"]
[EventDate "2012.10.07"]
[EventType "team-tourn"]
[EventRounds "9"]
[EventCountry "GER"]
[SourceTitle "EXT 2019"]
[Source "ChessBase"]
[SourceDate "2018.10.10"]
[SourceVersion "1"]
[SourceVersionDate "2018.10.10"]
[SourceQuality "1"]
[WhiteTeam "Heilsbronn"]
[BlackTeam "Cadolzburg"]
[WhiteTeamCountry "GER"]
[BlackTeamCountry "GER"]

1. e4 e5 2. Nf3 Nc6 3. Bb5 a6 4. Ba4 Nf6 5. 0-0 Nxe4 6. Re1 Nc5 7. Nxe5 Nxe5 8. Rxe5+ Be7 9. Nc3 0-0 10. d4 Nxa4 11. Nxa4 d5 12. Qf3 c6 13. c3 Bd6 14. Re1 Qh4 15. g3 Qh3 16. Qg2 Qh5 17. f4 Bg4 18. Bd2 Bf3 19. Qf2 f5 20. b4 Rf6 21. Nc5 Bxc5 1/2-1/2

[Event "Mittelfranken-chTB2a 1213"]
[Site "Germany"]
[Date "2012.12.16"]
[Round "5.5"]
[White "Boellmann, Dierk"]
[Black "Truempelmann, Jochen"]
[Result "1/2-1/2"]
[WhiteElo "1566"]
[BlackElo "1911"]
[PlyCount "97"]
[EventDate "2012.10.07"]
[EventType "team-tourn"]
[EventRounds "9"]
[EventCountry "GER"]
[SourceTitle "EXT 2019"]
[Source "ChessBase"]
[SourceDate "2018.10.10"]
[SourceVersion "1"]
[SourceVersionDate "2018.10.10"]
[SourceQuality "1"]
[WhiteTeam "Bad Windsheim"]
[BlackTeam "Cadolzburg"]
[WhiteTeamCountry "GER"]
[BlackTeamCountry "GER"]

1. c4 e6 2. Nc3 d5 3. cxd5 exd5 4. d4 c5 5. Nf3 Nc6 6. Bf4 Nf6 7. h3 Be7 8. Nb5 Qa5+ 9. Nc3 Ne4 10. Bd2 Nxd2 11. Qxd2 cxd4 12. Nxd4 Nxd4 13. Qxd4 Bf6 14. Qa4+ Qxa4 15. Nxa4 Bd7 16. Nc3 Bc6 17. e3 0-0 18. 0-0-0 Rfd8 19. Nb5 a6 20. Nd4 Bd7 21. Be2 Rac8+ 22. Kd2 g6 23. Rc1 Kf8 24. Bf3 Be6 25. Rxc8 Rxc8 26. Rc1 Rxc1 27. Kxc1 Ke7 28. Kd2 Kd6 29. Kd3 Bd7 30. b3 Bh4 31. g3 Bd8 32. h4 Ba5 33. Bd1 Be1 34. Ke2 Bb4 35. Kd3 Bh3 36. Ke2 Bg4+ 37. f3 Bd7 38. Bc2 Ke5 39. Bd3 Bc3 40. Bc2 Kd6 41. g4 Kc5 42. Kd3 Be1 43. h5 Kb4 44. hxg6 hxg6 45. a4 Kc5 46. Bd1 Bf2 47. f4 Be1 48. Nc2 Ba5 49. Bf3 1/2-1/2

[Event "Mittelfranken-chTB2a 1112"]
[Site "Germany"]
[Date "2012.02.05"]
[Round "6.6"]
[White "Truempelmann, Jochen"]
[Black "Hinzmann, Alexander"]
[Result "1-0"]
[WhiteElo "1871"]
[BlackElo "1684"]
[PlyCount "59"]
[EventDate "2011.09.25"]
[EventType "team-tourn"]
[EventRounds "9"]
[EventCountry "GER"]
[SourceTitle "EXT 2013"]
[Source "ChessBase"]
[SourceDate "2012.11.22"]
[SourceVersion "1"]
[SourceVersionDate "2012.11.22"]
[SourceQuality "1"]
[WhiteTeam "Cadolzburg"]
[BlackTeam "Fuerth II"]
[WhiteTeamCountry "GER"]
[BlackTeamCountry "GER"]

1. e4 c5 2. d4 e6 3. c4 cxd4 4. Qxd4 Nc6 5. Qe3 b6 6. Nc3 Nf6 7. Bd3 Be7 8. Qg3 0-0 9. e5 Nh5 10. Qe3 g6 11. g4 Ng7 12. h4 Bb7 13. Be4 h5 14. gxh5 Nxh5 15. Nf3 Qc7 16. Bd2 Nb4 17. 0-0-0 Bxe4 18. Qxe4 d5 19. exd6 Bxd6 20. Nb5 Qb8 21. a3 Na6 22. Nxd6 Qxd6 23. Bh6 Qc7 24. Bxf8 Rxf8 25. Kb1 Rc8 26. Ne5 Nf6 27. Qe3 Nc5 28. h5 Nxh5 29. Rxh5 gxh5 30. Qh6 1-0

[Event "Mittelfranken-chTB2a 1112"]
[Site "Germany"]
[Date "2012.01.15"]
[Round "5.6"]
[White "Kelm, Klaus"]
[Black "Truempelmann, Jochen"]
[Result "1/2-1/2"]
[WhiteElo "1910"]
[BlackElo "1871"]
[PlyCount "28"]
[EventDate "2011.09.25"]
[EventType "team-tourn"]
[EventRounds "9"]
[EventCountry "GER"]
[SourceTitle "EXT 2013"]
[Source "ChessBase"]
[SourceDate "2012.11.22"]
[SourceVersion "1"]
[SourceVersionDate "2012.11.22"]
[SourceQuality "1"]
[WhiteTeam "Nuernberg NT V"]
[BlackTeam "Cadolzburg"]
[WhiteTeamCountry "GER"]
[BlackTeamCountry "GER"]

1. Nf3 d5 2. b3 Nf6 3. Bb2 c5 4. g3 Nc6 5. Bg2 e6 6. 0-0 Be7 7. d3 0-0 8. Nbd2 Qc7 9. e4 d4 10. a4 e5 11. Nc4 Bg4 12. h3 Bxf3 13. Bxf3 Nd7 14. Qe2 g6 1/2-1/2

[Event "Mittelfranken-chTB2a 1112"]
[Site "Germany"]
[Date "2011.10.23"]
[Round "2.7"]
[White "Truempelmann, Jochen"]
[Black "Borel, Bernd"]
[Result "1-0"]
[WhiteElo "1871"]
[BlackElo "1779"]
[PlyCount "69"]
[EventDate "2011.09.25"]
[EventType "team-tourn"]
[EventRounds "9"]
[EventCountry "GER"]
[SourceTitle "EXT 2013"]
[Source "ChessBase"]
[SourceDate "2012.11.22"]
[SourceVersion "1"]
[SourceVersionDate "2012.11.22"]
[SourceQuality "1"]
[WhiteTeam "Cadolzburg"]
[BlackTeam "Grossenseebach"]
[WhiteTeamCountry "GER"]
[BlackTeamCountry "GER"]

1. d4 g6 2. g3 Bg7 3. Bg2 d5 4. Nf3 Nc6 5. c4 e6 6. cxd5 exd5 7. 0-0 Nge7 8. Nc3 0-0 9. a3 Be6 10. b4 a6 11. Na4 b6 12. Bb2 Qd7 13. Qb3 Bh3 14. Rfd1 Bxg2 15. Kxg2 Rfd8 16. Rac1 Rac8 17. Rc2 Nf5 18. Bc3 Nce7 19. Nb2 Nd6 20. Nd3 f6 21. Be1 Ne4 22. Nd2 f5 23. Ne5 Qe6 24. Ndf3 g5 25. Qb2 g4 26. Nd2 Qh6 27. Nf1 Bxe5 28. dxe5 f4 29. f3 Qh3+ 30. Kg1 fxg3 31. fxe4 gxh2+ 32. Nxh2 g3 33. Bxg3 Qxg3+ 34. Kh1 dxe4 35. Rg1 1-0

[Event "Mittelfranken-chTB2b 1011"]
[Site "Germany"]
[Date "2011.03.13"]
[Round "7.7"]
[White "Ackermann, Robert"]
[Black "Truempelmann, Jochen"]
[Result "0-1"]
[WhiteElo "1886"]
[BlackElo "1868"]
[PlyCount "56"]
[EventDate "2010.09.26"]
[EventType "team-tourn"]
[EventRounds "9"]
[EventCountry "GER"]
[SourceTitle "EXT 2012"]
[Source "ChessBase"]
[SourceDate "2011.11.24"]
[SourceVersion "1"]
[SourceVersionDate "2011.11.24"]
[SourceQuality "1"]
[WhiteTeam "Nuernberg NT IV"]
[BlackTeam "Cadolzburg"]
[WhiteTeamCountry "GER"]
[BlackTeamCountry "GER"]

1. b4 d5 2. Bb2 Nf6 3. e3 e6 4. b5 c5 5. c4 Nbd7 6. a4 a5 7. Nf3 Bd6 8. Nc3 0-0 9. g4 dxc4 10. g5 Nd5 11. Bxc4 N7b6 12. Be2 Nxc3 13. Bxc3 Nd5 14. Bb2 Qc7 15. h4 e5 16. Bc4 Nb6 17. Qc2 Nxc4 18. Qxc4 Be6 19. Qc3 Bd5 20. Ke2 Rae8 21. d3 c4 22. d4 Bb4 23. Qc2 c3 24. Nd2 Bxh1 25. Rxh1 exd4 26. Bc1 dxe3 27. Nf3 Qc4+ 28. Ke1 Qg4 0-1

[Event "Mittelfranken-chTB2a 0809"]
[Site "Mittelfranken"]
[Date "2009.03.08"]
[Round "7.5"]
[White "Meyer, Harald"]
[Black "Truempelmann, Jochen"]
[Result "1/2-1/2"]
[WhiteElo "1762"]
[BlackElo "1926"]
[PlyCount "39"]
[EventDate "2008.10.12"]
[EventType "team"]
[EventRounds "9"]
[EventCountry "GER"]
[SourceTitle "EXT 2011"]
[Source "ChessBase"]
[SourceDate "2010.11.26"]
[SourceVersion "1"]
[SourceVersionDate "2010.11.26"]
[SourceQuality "1"]
[WhiteTeam "Grossenseebach II"]
[BlackTeam "Cadolzburg"]
[WhiteTeamCountry "GER"]
[BlackTeamCountry "GER"]

1. Nf3 d5 2. c4 e6 3. b3 c5 4. Bb2 Nc6 5. e3 Nf6 6. Be2 d4 7. d3 Qa5+ 8. Qd2 dxe3 9. fxe3 Qc7 10. Na3 a6 11. Nc2 e5 12. e4 Bd6 13. Ne3 Qd8 14. 0-0 0-0 15. Qe1 Ne8 16. Nh4 f6 17. Nhf5 Rf7 18. Qg3 Kh8 19. Qh4 g6 20. Nxd6 1/2-1/2

[Event "Mittelfranken-chTB2a 0809"]
[Site "Mittelfranken"]
[Date "2009.02.08"]
[Round "6.4"]
[White "Fuchs, Johann"]
[Black "Truempelmann, Jochen"]
[Result "1-0"]
[WhiteElo "1934"]
[BlackElo "1926"]
[PlyCount "73"]
[EventDate "2008.10.12"]
[EventType "team"]
[EventRounds "9"]
[EventCountry "GER"]
[SourceTitle "EXT 2011"]
[Source "ChessBase"]
[SourceDate "2010.11.26"]
[SourceVersion "1"]
[SourceVersionDate "2010.11.26"]
[SourceQuality "1"]
[WhiteTeam "Nuernberg Sued SW III"]
[BlackTeam "Cadolzburg"]
[WhiteTeamCountry "GER"]
[BlackTeamCountry "GER"]

1. d4 d5 2. Nf3 Nf6 3. Bf4 e6 4. e3 c5 5. c3 cxd4 6. exd4 Nc6 7. Nbd2 Bd6 8. Bg5 a6 9. Bd3 b5 10. a3 Na5 11. b4 Nc4 12. Nxc4 bxc4 13. Bc2 Bd7 14. Ne5 h6 15. Bh4 Qc7 16. Bg3 0-0 17. Qe2 a5 18. 0-0 Ra7 19. Nxd7 Nxd7 20. Bxd6 Qxd6 21. Rfb1 axb4 22. cxb4 Rb8 23. Qd2 Rab7 24. f4 g6 25. g3 Kg7 26. Ra2 Kh7 27. Rab2 Rc7 28. Qc3 Nf6 29. a4 Ne4 30. Bxe4 dxe4 31. b5 g5 32. fxg5 hxg5 33. a5 f5 34. b6 Rc6 35. Ra1 f4 36. gxf4 gxf4 37. Qh3+ 1-0